000 00926nam a22003490a 4500
001 PT32154
003 AR-LpoUNG
005 20210201010710.0
008 201001s2008||||ag |||||||||||||||||spa d
020 _a9789879350218
_c$15.72
040 _aAR-LpoUNG
_bspa
_eaacr
041 _aspa
044 _aag
082 0 _a982.023 94cal
100 1 _aYunque, Alvaro
245 1 0 _aCalfucurá :
_bla conquista de las pampas
250 _a1ra. ed.
260 _aBuenos Aires :
_bBiblioteca Nacional,
_c2008.
300 _a565 p. :
_bgráfs.
_3Impreso
490 0 _aReediciones y antologías ;
_vno.5
650 4 _aANALISIS HISTORICO
650 4 _aARGENTINA
650 4 _aHISTORIA POLITICA
650 4 _aPOBLACION INDIGENA
651 4 _aArgentina
653 _aGAUCHOS
653 _aHISTORIOGRAFIA
700 1 _aDavid, Guillermo
_epról.
700 1 _aTesler, Mario
_epról.
905 _a32154
942 _cLSALA
999 _c52370
_d52370